Road Signs by Picture - Statistics

General Stats
  • This quiz has been taken 440 times
  • The average score is 6 of 8
Answer Stats
Picture Answer % Correct
Stop Sign
94%
Yield Sign
89%
No U-Turn
80%
Speed Limit
80%
School Zone
73%
Pedestrian Crossing
60%
Deer Crossing
57%
Slow-Moving Vehicle
19%
No matching quizzes found
Score Distribution
Percent of People with Each Score
Percentile by Number Answered
Your Score History
You have not taken this quiz